Statistiques concernant The Boys

Cliquez ici pour prendre le quiz!

Statistiques générales

  • Ce quiz a été pris 149 fois
  • Le résultat moyen est 6 sur 20

Statistiques - réponses

QuestionsRéponses% Correct
Qui est son rival ?Homelander
90%
Comment s'appelle le personnage principal ?Hughie Campbell
81%
Comment se nomme l'équipe de super-héros ?The Seven
73%
Quel est le secret de Stormfront ?C'est une nazie
56%
Quel est le prénom du Homelander ?John
46%
Quel super-héros part en cure dans la saison 2 ?The Deep
42%
Qui interprète le personnage de Butcher ?Karl Urban
35%
Comment s'appelait la petite amie de Hughie ?Robin
30%
Quel est le prénom de Frenchie ?Serge
30%
Qui est le PDG de Vought International ?Stan Edgar
22%
Quel est l'artiste préféré de Hughie ?Billy Joel
21%
Quelle est l'identité de l'exploseur de tête ?Victoria Neuman
21%
A quoi Black Noir est-il allergique ?Aux amandes
15%
Quel est le seul membre de Payback qui n'a pas trahi Soldier Boy ?Gunpowder
15%
Comment s'appelle le rival de A-Train ?Shockwave
13%
Quel est le prénom de The Milk ?Marvin
11%
Comment Billy appelle-t-il les super-héros ?Supes
10%
Comment s'appelle la fille de The Milk ?Janine
5%
Quel est son surnom ?Monsieur Charcutier
4%
Que cherche Soldier Boy ?Tué ses anciens coéquipers
0%

Distribution des résultats

Percentile par nombre de réponses

% des personnes avec chaque résultat

Votre développement - résultats

Vous n’avez pas pris ce quiz